Printing
| Main Author: | |
|---|---|
| Format: | Book |
| Published: |
London :
Franklin Watts ,
1991
|
| Series: | Finding out about
|
| Subjects: |
MARC
| LEADER | 00000cam a2200000 7i4500 | ||
|---|---|---|---|
| 001 | 0000002675 | ||
| 002 | 000002903 | ||
| 005 | 20060206.0 | ||
| 020 | |a 0749605049 | ||
| 090 | 0 | 0 | |a 030 |b FIN |
| 100 | 1 | |a Powell, Ivor | |
| 245 | 1 | 0 | |a Printing |c Ivor Powell |
| 260 | |a London : |b Franklin Watts , |c 1991 | ||
| 300 | |a 32p. : |b ill ; |c 30cm. | ||
| 490 | 0 | |a Finding out about | |
| 650 | 0 | 0 | |a Printing |x Juvenile literature |
| 999 | |a 036152 |b BUKU |c JUNIOR BOOKS |e PERPUSTAKAAN KOMUNITI CAW KOTA DAMANSARA | ||